Catalog

Record Details

Catalog Search



Selected Aerothermodynamic Design Problems of Hypersonic Flight Vehicles Cover Image E-book E-book

Selected Aerothermodynamic Design Problems of Hypersonic Flight Vehicles

Record details

  • ISBN: 9783540899747
  • Physical Description: electronic
    electronic resource
    access
    remote
    online resource.
  • Publisher: Berlin, Heidelberg : Springer Berlin Heidelberg, 2009.
Subject: Engineering
Engineering
Automotive Engineering
Computational Intelligence

Electronic resources


LDR 01356nam a22003735i 4500
00137841
003CONS
00520131220214330.0
007cr nn 008mamaa
008100301s2009 gw | s |||| 0|eng d
020 . ‡a9783540899747 ‡9978-3-540-89974-7
0247 . ‡a10.1007/978-3-540-89974-7 ‡2doi
035 . ‡a(DE-He213)978-3-540-89974-7
050 4. ‡aTL1-483
072 7. ‡aTRC ‡2bicssc
072 7. ‡aTRCS ‡2bicssc
072 7. ‡aTEC009090 ‡2bisacsh
1001 . ‡aHirschel, Ernst Heinrich. ‡eauthor.
24510. ‡aSelected Aerothermodynamic Design Problems of Hypersonic Flight Vehicles ‡h[electronic resource] / ‡cby Ernst Heinrich Hirschel, Claus Weiland.
264 1. ‡aBerlin, Heidelberg : ‡bSpringer Berlin Heidelberg, ‡c2009.
300 . ‡bonline resource.
336 . ‡atext ‡btxt ‡2rdacontent
337 . ‡acomputer ‡bc ‡2rdamedia
338 . ‡aonline resource ‡bcr ‡2rdacarrier
347 . ‡atext file ‡bPDF ‡2rda
650 0. ‡aEngineering.
65014. ‡aEngineering.
65024. ‡aAutomotive Engineering.
65024. ‡aComputational Intelligence.
7001 . ‡aWeiland, Claus. ‡eauthor.
7102 . ‡aSpringerLink (Online service)
7730 . ‡tSpringer eBooks
77608. ‡iPrinted edition: ‡z9783540899730
85640. ‡uhttp://biblioteca.ipicyt.edu.mx:2048/login?url=http://dx.doi.org/10.1007/978-3-540-89974-7 ‡yTexto completo ‡9CONS
950 . ‡aEngineering (Springer-11647)
901 . ‡a37841 ‡b ‡c37841 ‡tbiblio ‡sSystem Local

Additional Resources